Математика в школе. № 3: Сб. ..., посвященный вопросам преподавания математики в трудовой школе 2 ступени (Запись № 13484225)

Подробности
000 -МАРКЕР
контрольное поле 01840nam2a22002411 4500
001 - ИДЕНТИФИКАТОР ЗАПИСИ
контрольное поле RU\NLR\A1SV\87403
005 - ИДЕНТИФИКАТОР ВЕРСИИ
контрольное поле 20251203152403.2
035 ## - ДРУГИЕ СИСТЕМНЫЕ НОМЕРА
Идентификатор записи (NLR Aleph) 009768783
100 ## - ДАННЫЕ ОБЩЕЙ ОБРАБОТКИ
Данные общей обработки 20080507d1925 u y0rusy50 ca
101 0# - ЯЗЫК РЕСУРСА
Язык текста, звукозаписи и т.д. русский
200 1# - ЗАГЛАВИЕ И СВЕДЕНИЯ ОБ ОТВЕТСТВЕННОСТИ
Основное заглавие Сб. ..., посвященный вопросам преподавания математики в трудовой школе 2 ступени
Первые сведения об ответственности [Науч.-метод. сов. Ленингр. ГОНО. Математ. комис.]
210 ## - ПУБЛИКАЦИЯ, РАСПРОСТРАНЕНИЕ И ДР.
Дата издания, распространения и т.д. 1925
215 ## - ФИЗИЧЕСКАЯ ХАРАКТЕРИСТИКА
Специфическое обозначение материала и объем 187, [2] с.
300 ## - ОБЩИЕ ПРИМЕЧАНИЯ
Текст примечания На обл. подзагол.: Сб., посвящ. вопр. преподавания математики в трудовой шк.
300 ## - ОБЩИЕ ПРИМЕЧАНИЯ
Текст примечания Коллектив указан на обл.
461 #1 - УРОВЕНЬ НАБОРА
Встроенное поле 001RU\NLR\A1SV\87400
-- 2000#$aМатематика в школе$eНепериод. изд., посвящ. вопр. преподавания математики в Трудовой шк. 1 и 2 ступ.$eСб.$fИзд. при ближайшем участии: С.А.Богомолова, И.П.Глаголева, И.И.Грацианского [и др.]$gОтв. ред. И.И.Грацианский$gорган Математ. комис. Учеб.-пед. секции Науч.-метод. сов. ЛГОНО$v№ 3
Системный номер (АБИС) связанной записи 10047436
Место публикации Л.
Дата публикации 1924-1926
Первые сведения об ответственности Изд. при ближайшем участии: С.А.Богомолова, И.П.Глаголева, И.И.Грацианского [и др.]
Имя издателя, распространителя и т.д. Изд-во Кн. сектора Губоно
Сведения, относящиеся к заглавию Непериод. изд., посвящ. вопр. преподавания математики в Трудовой шк. 1 и 2 ступ. : Сб.
Заглавие Математика в школе
Номер тома № 3
801 #0 - ИСТОЧНИК ЗАПИСИ
Страна Российская Федерация
Организация NLR
Дата составления 20080507
852 ## - МЕСТОНАХОЖДЕНИЕ И ШИФР ХРАНЕНИЯ
Идентификатор организации NLR
Шифр хранения (Call Number) 11/194
942 ## - ДОПОЛНИТЕЛЬНЫЕ ЭЛЕМЕНТЫ ЗАПИСИ (АБИС)
Тип экземпляра АБИС Книга
980 ## - КОЛЛЕКЦИЯ
Название коллекции Международный сводный каталог русской книги (1918-1926)
980 ## - КОЛЛЕКЦИЯ
Название коллекции Национальная библиография

Нет доступных экземпляров.